The Unseen World, and Other Essays (Record no. 230834)
[ view plain ]
| 000 -LEADER | |
|---|---|
| fixed length control field | 00999cam a22002413a 4500 |
| 001 - CONTROL NUMBER | |
| control field | 1486 |
| 003 - CONTROL NUMBER IDENTIFIER | |
| control field | PGUSA |
| 005 - DATE AND TIME OF LATEST TRANSACTION | |
| control field | 20140828083001.0 |
| 008 - FIXED-LENGTH DATA ELEMENTS--GENERAL INFORMATION | |
| fixed length control field | 981001s1998||||xxu|||||s|||||000 e eng d |
| 040 ## - CATALOGING SOURCE | |
| Original cataloging agency | PGUSA |
| Language of cataloging | eng |
| 042 ## - AUTHENTICATION CODE | |
| Authentication code | dc |
| 050 #4 - LIBRARY OF CONGRESS CALL NUMBER | |
| Classification number | AC |
| 100 1# - MAIN ENTRY--PERSONAL NAME | |
| Personal name | Fiske, John, |
| Dates associated with a name | 1842-1901 |
| 245 14 - TITLE STATEMENT | |
| Title | The Unseen World, and Other Essays |
| Medium | [electronic resource] / |
| Statement of responsibility, etc | John Fiske |
| 260 ## - PUBLICATION, DISTRIBUTION, ETC. (IMPRINT) | |
| Name of publisher, distributor, etc | Project Gutenberg, |
| Date of publication, distribution, etc | 1998 |
| 505 0# - FORMATTED CONTENTS NOTE | |
| Formatted contents note | The unseen world -- "The to-morrow of death" -- The Jesus of history -- The Christ of dogma -- A word about miracles -- Draper on science and religion -- Nathan the Wise -- Historical difficulties -- The famine of 1770 in Bengal -- Spain and the Netherlands -- Longfellow's Dante -- Paine's "St. Peter" -- A philosophy of art -- Athenian and American life. |
| 506 ## - RESTRICTIONS ON ACCESS NOTE | |
| Terms governing access | Public domain in the USA. |
| 516 ## - TYPE OF COMPUTER FILE OR DATA NOTE | |
| Type of computer file or data note | Electronic text |
| 653 ## - INDEX TERM--UNCONTROLLED | |
| Uncontrolled term | American essays |
| 830 #0 - SERIES ADDED ENTRY--UNIFORM TITLE | |
| Uniform title | Project Gutenberg |
| Volume number/sequential designation | 1486 |
| 856 40 - ELECTRONIC LOCATION AND ACCESS | |
| Uniform Resource Identifier | <a href="http://www.gutenberg.org/ebooks/1486">http://www.gutenberg.org/ebooks/1486</a> |
| 942 ## - ADDED ENTRY ELEMENTS (KOHA) | |
| Koha item type | eBooks |
| Withdrawn status | Lost status | Damaged status | Home library | Current library | Date acquired | Total Checkouts | Date last seen | Price effective from | Koha item type |
|---|---|---|---|---|---|---|---|---|---|
| Project Gutenberg | Project Gutenberg | 08/28/2014 | 08/28/2014 | 08/28/2014 | eBooks |